• 首页
  • 本馆介绍
  • 公告通知
  • 最新文献
  • 馆藏检索
  • 电子资源
  • 读者导购
  • 参考咨询
  • 我的图书馆
  • 登录
  • 详细信息显示
  • 放入我的书架
  • 预约/预借图书
  • 作者相关作品
  • 分类相关作品
  • 丛书相关作品
  • 出版社相关作品

书目信息

  • 表格格式
  • 工作单格式
  • 卡片格式
题名:
船舶柴油机操作与管理
    
 
作者: 丁宏 主编
分册:  
出版信息: 上海   上海浦江教育出版社  2014
页数: 304页
开本: 26cm
丛书名:
单 册:
中图分类: U664.121
科图分类:
主题词: 船用柴油机--高等职业教育--教材 , 船用柴油机
电子资源:
ISBN: 978-7-81121-364-5
000 00914nam0 2200253 450
001 012015000546
005 20150911083208.87
010    @a978-7-81121-364-5@dCNY63.00
100    @a20141016d2014 em y0chiy50 ea
101 0  @achi
102    @aCN@b310000
105    @aa z 000yy
106    @ar
200 1  @a船舶柴油机操作与管理@Achuan bo chai you ji cao zuo yu guan li@f丁宏主编
210    @a上海@c上海浦江教育出版社@d2014
215    @a304页@c图@d26cm
300    @a航海类高等职业教育项目化教材 轮机工程技术
330    @a本书介绍了船舶柴油机各个系统及其相关操作、运行管理、应急处理,包括船舶柴油机换气机构及增压器的管理、柴油机系统的操作与管理、柴油机调速装置的使用管理、智能柴油机的认识与管理等内容。
606 0  @a船用柴油机@x高等职业教育@j教材
606 0  @a船用柴油机
690    @aU664.121@v5
701  0 @a丁宏@Ading hong@4主编
801  0 @aCN@b碧洲教育@c20150718
905    @a10447@f4@dU664.121@e268
    
    船舶柴油机操作与管理/丁宏主编.-上海:上海浦江教育出版社,2014
    304页:图;26cm
    航海类高等职业教育项目化教材 轮机工程技术
    
    ISBN 978-7-81121-364-5:CNY63.00
    本书介绍了船舶柴油机各个系统及其相关操作、运行管理、应急处理,包括船舶柴油机换气机构及增压器的管理、柴油机系统的操作与管理、柴油机调速装置的使用管理、智能柴油机的认识与管理等内容。
●
相关链接 在E读中查询图书 在五车中查询图书 在当当中查询图书 在豆瓣中查询图书


正题名:船舶柴油机操作与管理     索取号:U664.121/268         预约/预借

序号 登录号 条形码 馆藏地/架位号 状态 备注
1 0848959   208489599   第二样本阅览室/ [索取号:U664.121/268] 在馆    
2 0848960   208489606   第三借阅区/ [索取号:U664.121/268] 在馆    
3 0848961   208489615   第三借阅区/ [索取号:U664.121/268] 在馆    
4 0848962   208489624   密集书库-物理学院/ [索取号:U664.121/268] 在馆    
唐山师范学院图书馆 欢迎您!
大连网信软件有限公司© 版权所有